000 00978nam a22003257a 4500
001 BR0702173
003 BR-BrBNA
005 20230928102417.0
007 ta
008 230509b bl.||||| |||| 00| 0 por d
040 _aBR-BrBNA
_bpor
_cBiblioteca Nacional de Agricultura
041 _a(Por)
072 _aE14; D50; E70
_b9924
090 _ 9924 BR0702173
110 1 _aAssociação Mineira dos Produtores de Cachaça de Qualidade, Belo Horizonte, MG (Brasil)
_9987
245 1 _aCachaça de Minas, os segredos, a terra e a história de uma prática artesanal secular
260 3 _aBelo Horizonte, MG (Brasil):
_c2006.
300 _avp.
650 _aCACHAÇA
650 _aAGUARDENTE
650 _aASSOCIAÇÃO TÉCNICA
650 _aESTATUTO
650 _aDIVULGAÇÃO
650 _aLEGISLAÇÃO
650 _aCOMERCIALIZAÇÃO
650 _aPROJETO DE DESENVOLVIMENTO
650 _aMINAS GERAIS
909 _a202309
_bLucia
_c55
_dLucia Elande
942 _cBK
999 _c70639
_d70639